| 000 | 00370 a2200157 4500 | ||
|---|---|---|---|
| 001 | 48525 | ||
| 020 | _a9788551302859 | ||
| 040 | _cAnchieta - Bela Vista | ||
| 100 | _aGuimarães, Márcia Soares | ||
| 240 | 1 | 0 |
_aAs aventuras de Tom Sawyer _lpor |
| 245 | 1 | 0 | _aAs aventuras de Tom Sawyer |
| 300 | _a238 | ||
| 362 | 0 | _a2018 | |
| 650 | 4 | _aLiteratura juvenil | |
| 942 | _cBK | ||
| 999 |
_c48525 _d48525 |
||